Comedias de Lope de Vega / [por] Lopde de Vega

محفوظ في:
التفاصيل البيبلوغرافية
المؤلف الرئيسي: Vega, Lope de (autor)
التنسيق: كتاب
الموضوعات:
الوسوم: إضافة وسم
لا توجد وسوم, كن أول من يضع وسما على هذه التسجيلة!

MARC

LEADER 00000nam^a2200000^u^4500
001 000546399
005 20250521000000.0
008 060220s1000^^^^^^^^^^^^r^^^^^000^0^spa^d
009 20260310131408.914
022 |a 8489790000 
035 |a FMI 000016000 
037 |a Acervo Xavier Clavigero 
096 |a 9.1.1/131/E 
100 |a Vega, Lope de  |e (autor) 
245 1 0 |a Comedias de Lope de Vega / [por] Lopde de Vega 
264 |a Lleida, España : Milenio, [2002] 
300 |a 3 v. 
336 |a texto  |b txt  |2 rdacontenido 
337 |a sin mediación  |b n  |2 rdamedio 
338 |a volumen  |b nc  |2 rdasoporte 
597 |a La Biblioteca posee: v. 3. 
597 |a v. 3. Parte III 
649 |a XX 
650 |a NOVELA ESPAÑOLA 
910 |a Fondo Francisco Migoya Covarrubias S.J. 
920 |a Impresos - Libros 
930 |a Fondos Especiales 
905 |a 134 
901 |a SBC22850  |b IT2  |c ESP  |u 20250521 
902 |a https://opac.biblio.iteso.mx/vufind/Record/000546399